Plants that belong to umbellifers family (Apiaceae) - sudden death - Statistics

General Stats
  • This quiz has been taken 32 times
  • The average score is 7 of 13
Answers on the Grid
Answers color-coded by a green-red scale on the quiz's grid according to % correct below.
Parsley
Anise
Black pepper
Sugar beet
Rosemary
Yam
Sea holly
Dill
Thyme
Cumin
Carrot
Tomato
Cow parsley
Caraway
Black caraway
Garden asparagus
Fennel
Broccoli
Star anise
Pea
Celery
Leek
Cabbage
Giant hogweed
Burdock (Arctium)
Parsnip
Yarrow
Coriander
 
Answer Stats
Answer % Correct
Parsley
94%
Carrot
82%
Dill
76%
Anise
59%
Caraway
59%
Cumin
53%
Fennel
53%
Celery
47%
Cow parsley
41%
Parsnip
41%
Coriander
29%
Giant hogweed
24%
Sea holly
18%
No matching quizzes found
Score Distribution
Percent of People with Each Score
Percentile by Number Answered
Your Score History
You have not taken this quiz